| 000 | 00580nam a2200181Ia 4500 | ||
|---|---|---|---|
| 003 | GCL | ||
| 008 | 140319s9999 xx 000 0 ara d | ||
| 040 |
_aGCL / _cGCL |
||
| 082 | 0 | 4 |
_a686.2 _bش ط |
| 100 | 1 | _aشريف درويش اللبان | |
| 245 | 1 | 0 |
_aالطباعة الملونة : مشكلاتها وتطبيقاتها فى الصحافة / _cشريف درويش اللبان |
| 300 | _a260 ص | ||
| 490 |
_aدراسات فى الاعلام _v0 |
||
| 650 | 0 | 4 | _aالطباعة |
| 650 | 0 | 4 | _aالالوان |
| 650 | 0 | 4 | _aالطباعة الملونة |
| 942 |
_2ddc _cBK |
||
| 999 |
_c47971 _d47971 |
||